000 00244nam a2200097Ia 4500
001 1200541
005 20250827022614.0
008 250824s9999 xx 000 0 und d
245 0 _aSİSLİ NEHİR
_cVALERİO VARESİ
260 _bEVEREST YAYINLARI
999 _c1200541
_d1200541